Michael Peña Filmography - Statistics

General Stats
  • This quiz has been taken 48 times
    14 since last reset
  • The average score is 39 of 107
Answer Stats
Type Year Name % Correct
Film 2015 Ant-Man
100%
Film 2018 Ant-Man and the Wasp
100%
Film 2018 12 Strong
67%
Film 2012 End of Watch
67%
Film 2011 30 Minutes or Less
50%
Film 2013 American Hustle
50%
Film 2011 Battle: Los Angeles
50%
Film 2017 CHiPs
50%
Film 2018 Extinction
50%
Film 2014 Fury
50%
Film 2017 My Little Pony: The Movie
50%
Web Series 2018 Narcos: Mexico
50%
Film 2018 Next Gen
50%
Film 2007 Shooter
50%
Film 2017 The LEGO Ninjago Movie
50%
Film 2021 Tom & Jerry
50%
Film 2013 Turbo
50%
TV Show 1998 7th Heaven
33%
TV Mini-Series TBA All Her Fault
33%
TV Show 2011, 2013 American Dad!
33%
TV Show 2002 American Family
33%
Film 2023 A Million Miles Away
33%
TV Show 2002 Andy Richter Controls the Universe
33%
Short Film 2015 Ares III: Farewell
33%
Short Film 2015 Ares III: The Right Stuff
33%
Documentary 2025 ASCO: Without Permission
33%
Film 2025 A Working Man
33%
Film 2018 A Wrinkle in Time
33%
Film 2006 Babel
33%
Film 1999 Bellyfruit
33%
Short Film 2015 Bill Buddy
33%
Film 1998 Boogie Boy
33%
Film 2001 Buffalo Soldiers
33%
Film 2014 César Chávez
33%
TV Show 2014 Chozen
33%
Film 2016 Collateral Beauty
33%
Film 2004 Crash
33%
TV Show 2005 CSI: Crime Scene Investigation
33%
Film 2019 Dora and the Lost City of Gold
33%
Short Film 2017 Dumpster Diving
33%
TV Show 2010 Eastbound & Down
33%
TV Show 2003 ER
33%
Film 2010 Everything Must Go
33%
Film 2020 Fantasy Island
33%
TV Show 1999-2000 Felicity
33%
Film 2006 Fifty Pills
33%
Film 2014 Frontera
33%
Film 2013 Gangster Squad
33%
Film 2000 Gone in 60 Seconds
33%
Film TBA Good Luck, Have Fun, Don't Die
33%
TV Mini-Series 2014 Gracepoint
33%
Film 2015 Hell and Back
33%
TV Show 1998 Homicide: Life on the Street
33%
Film 2019 Jexi
33%
Film TBA Judgment Day
33%
Film 1998 La Cucaracha
33%
Web Series 2024 Landman
33%
Video Game 2016 LEGO Marvel's Avengers
33%
Documentary Series 2023 Leguizamo Does America
33%
Film 2007 Lions for Lambs
33%
Film 2005 Little Athens
33%
Film 2003 Love Object
33%
TV Show 2001 Men, Women & Dogs
33%
Film 2004 Million Dollar Baby
33%
TV Show 1999 Moesha
33%
Film 2022 Moonfall
33%
TV Short 2016 Morris & the Cow
33%
Film 1996 My Fellow Americans
33%
TV Show 2008 My Name Is Earl
33%
Film 2009 My Son, My Son, What Have Ye Done?
33%
TV Show 1997, 2004 NYPD Blue
33%
Film 2009 Observe and Report
33%
Music Video 2018 One Day
33%
TV Show 1996 Pacific Blue
33%
TV Show 1999 Profiler
33%
TV Show 2001 Roswell
33%
Film 1994 Running Free
33%
Film 2022 Secret Headquarters
33%
TV Film 2001 Semper Fi
33%
Film 1997 Star Maps
33%
Film 2005 Sueño
33%
Film 2004 The Calcium Kid
33%
TV Show 2000 The District
33%
Film 2011 The Good Doctor
33%
Film 2011 The Lincoln Lawyer
33%
TV Film 2013 The List
33%
Film 2008 The Lucky Ones
33%
Film 2015 The Martian
33%
Film 2018 The Mule
33%
TV Show 1998 The Sentinel
33%
TV Show 2005 The Shield
33%
TV Show 2003 The Twilight Zone
33%
Film 2003 The United States of Leland
33%
Film 2015 The Vatican Tapes
33%
Web Series 2023 Tom Clancy's Jack Ryan
33%
TV Show 1997 Touched by an Angel
33%
Film 2011 Tower Heist
33%
TV Show 1999 Tracey Takes On...
33%
Film 2024 Unstoppable
33%
Film 2015 Vacation
33%
TV Film 2006 Walkout
33%
Film 2016 War on Everyone
33%
Film 2006 World Trade Center
33%
Documentary 2014 Underwater Dreams
17%
Commercial 2016 Bud Light
0%
TV Show 1996 Sports Theater with Shaquille O'Neal
0%
Commercial 2015 Volkswagen
0%
No matching quizzes found
Score Distribution
Percent of People with Each Score
Percentile by Number Answered
Your Score History
You have not taken this quiz since the last reset